000
00230nam a22000857a 4500
008
160705b xxu||||| |||| 00| 0 eng d
100
_9
2269
_a
Bahri, H
245
_a
English - Hindi Dictionary
260
_a
New Delhi
_b
Rajpal & Sons
_c
2004
999
_c
1951
_d
1951